00454 2200181 4500001002100000005001500021008004100036020002200077035001900099041000700118082000900125090001600134100002200150245001800172260002800190300002400218650003000242INLIS00000000002492020241224131824241224||||||||| | ||| |||| || |  a978-623-206-018-0 0010-1224024920 aid0 aNONE a741.5 HAP a0 aHapsari Anggarini00aAku Anak Rapi aSolobTiga Anandac2019 aiv + 76 hlm.; 24 cm 0aKomik -- cerita bergambar